[Event "Fast February Frolic"]
[Site "SchemingMind.com"]
[Date "2007.02.20"]
[Round "-"]
[White "marble"]
[Black "kobby"]
[Result "1-0"]
[WhiteCountry "ENG"]
[BlackCountry "ENG"]
[WhiteElo "1564"]
[WhiteRD "59"]
[BlackElo "1547"]
[BlackRD "72"]
[GameID "93077"]

1. e4 e6 2. d4 d5 3. Nd2 c5 4. exd5 Qxd5 5. Ngf3 cxd4 6. Bc4 Qd8 7. Nb3 Bb4+ 8. Bd2 Bxd2+ 9. Qxd2 Nc6 10. Nbxd4 Nxd4
11. Nxd4 Nf6 12. O-O O-O 13. Rad1 a6 14. Qc3 Qe7 15. h3 b5 16. Bb3 Bb7 17. a4 Rac8 18. Qe3 bxa4 19. Bxa4 Qb4 20. Bb3 a5
21. c3 Qc5 22. Qg3 h6 23. Rfe1 Ra8 24. Re5 Qc7 25. Nb5 Qb8 26. Rd4 Ne4 27. Qe3 Qxe5 28. Nd6 Rab8 29. Nxe4 Rfd8 30. Rc4 Ba6
31. Rc5 Rd3 32. Rxe5 Rxe3 33. fxe3 Rxb3 34. Rxa5 Bc4 35. Nd2 Rxb2 36. Nxc4 Rc2 37. Ra3 g5 38. e4 Kg7 39. Ne3 Re2 40. Ng4 Rxe4
41. Ra2 h5 42. Nf2 Re1+ 43. Kh2 Kg6 44. Rc2 f5 45. c4 Re5 46. c5 Rd5 47. c6 Rd8 48. Nd3 Rc8 49. Ne5+ Kf6 50. Nd7+ Ke7
51. Kg3 Kd6 52. Nf6 h4+ 53. Kf3 Rxc6 54. Rxc6+ Kxc6 55. Nh7 Kd6 56. Nxg5 Ke7 57. Kf2 Kf6 58. Nf3 f4 59. Nxh4 e5 60. g3 Kg5
61. Nf3+ Kf5 62. g4+ Kf6 63. h4 e4 64. g5+ Kg6 65. Ke2 Kh5 66. Nh2 Kxh4 67. g6 Kg3 68. Nf1+ Kg2 69. Ne3+ Kg1 70. g7 f3+
71. Kd1 Kf2 72. Ng4+ Kg2 73. g8=Q f2 74. Ne3+ Kf3 75. Nf1 e3 76. Qg3+ Ke4 77. Qxe3+ Kd5 78. Qxf2
1-0

[Event "Fast February Frolic"]
[Site "SchemingMind.com"]
[Date "2007.02.19"]
[Round "-"]
[White "marble"]
[Black "ekulrac"]
[Result "0-1"]
[WhiteCountry "ENG"]
[BlackCountry "SCO"]
[WhiteElo "1564"]
[WhiteRD "59"]
[BlackElo "1711"]
[BlackRD "50"]
[GameID "93078"]

1. e4 Nc6 2. Nf3 e5 3. Bc4 Nf6 4. d4 exd4 5. Nxd4 Ne5 6. Bb3 d6 7. Bg5 Be7 8. Bxf6 Bxf6 9. Nc3 O-O 10. O-O a6
11. h3 c5 12. Nf3 Ng6 13. Qd3 Ne5 14. Nxe5 Bxe5 15. a4 Kh8 16. Rab1 f5 17. Nd5 f4 18. Ra1 f3 19. c4 Bxh3 20. g3 Bxf1
21. Kxf1 Qd7 22. Rd1 Qh3+ 23. Ke1 Bd4 24. Kd2 Bxf2 25. Kc1 Qxg3 26. Kb1 Bd4 27. Qc2 f2 28. Rf1 Rf3 29. Ka2 b5 30. cxb5 axb5
31. Nb6 Rb8 32. a5 Rxb3 33. Qxb3 Qxb3+ 34. Kxb3 g5 35. Nd7 Ra8 36. Kc2 g4 37. Kd2 g3
0-1

[Event "Fast February Frolic"]
[Site "SchemingMind.com"]
[Date "2007.02.19"]
[Round "-"]
[White "marble"]
[Black "pinkfloydhomer"]
[Result "0-1"]
[WhiteCountry "ENG"]
[BlackCountry "DEN"]
[WhiteElo "1564"]
[WhiteRD "59"]
[BlackElo "2002"]
[BlackRD "102"]
[GameID "93079"]

1. e4 e5 2. Nf3 Nf6 3. Nc3 Nc6 4. a3 Bc5 5. b4 Bd4 6. Ne2 Bxa1 7. c3 Nxe4 8. Qb3 Bxc3 9. Nxc3 Nxc3 10. dxc3 O-O
11. Bc4 e4 12. Nd4 Ne5 13. O-O Nxc4 14. Qxc4 d5 15. Qb3 c6 16. b5 c5 17. Nc2 b6 18. Rd1 Be6 19. Qb2 Qf6 20. Ne3 Rad8
21. h3 Qg6 22. Ng4 Bxg4 23. hxg4 Qxg4 24. Re1 Rd6 25. Re3 Qd1+ 26. Kh2 f5 27. Rg3 f4 28. Rh3 Rg6 29. c4 Qf1
0-1

[Event "Fast February Frolic"]
[Site "SchemingMind.com"]
[Date "2007.02.19"]
[Round "-"]
[White "marble"]
[Black "megapixel"]
[Result "0-1"]
[WhiteCountry "ENG"]
[BlackCountry "ENG"]
[WhiteElo "1564"]
[WhiteRD "59"]
[BlackElo "1753"]
[BlackRD "99"]
[GameID "93080"]

1. e4 c5 2. Nf3 g6 3. d4 cxd4 4. Qxd4 Nf6 5. e5 Nc6 6. Qd1 Nxe5 7. Nxe5 Qa5+ 8. Nc3 Qxe5+ 9. Be3 Bg7 10. Bd3 O-O
11. O-O Nd5 12. Bd2 Nxc3 13. Bxc3 Qc7 14. Bxg7 Kxg7 15. Re1 d6 16. Re3 Be6 17. Qf3 Qb6 18. b3 Qd4 19. Rb1 Rab8 20. Rd1 Bg4
21. Be2 Qxd1+ 22. Bxd1 Bxf3 23. Bxf3 e6 24. h4 d5 25. c3 b5 26. Be2 Rfc8 27. g3 Rc7 28. Kg2 a6 29. a3 Rbc8 30. a4 Rxc3
31. axb5 axb5 32. Bxb5 Rxe3 33. fxe3 Rc3 34. Ba4 Rxe3 35. b4 Kf6 36. b5 Ra3 37. Bd1 Ke7 38. Kh3 h5 39. Be2 d4 40. b6 Kd7
41. Bb5+ Kc8 42. Bc6 d3 43. Bf3 d2 44. b7+ Kb8 45. Kg2 Rxf3
0-1

[Event "Fast February Frolic"]
[Site "SchemingMind.com"]
[Date "2007.02.20"]
[Round "-"]
[White "Zugzwang"]
[Black "marble"]
[Result "0-1"]
[WhiteCountry "CAN"]
[BlackCountry "ENG"]
[WhiteElo "1478"]
[WhiteRD "59"]
[BlackElo "1564"]
[BlackRD "59"]
[GameID "93082"]

1. d4 d5 2. Nf3 Nf6 3. e3 e6 4. Bd3 g6 5. O-O Bg7 6. Qe2 O-O 7. c4 Nc6 8. Nc3 dxc4 9. Bxc4 a6 10. e4 b5
11. Bb3 Bb7 12. e5 Nd7 13. Bg5 Qe8 14. Ne4 h6 15. Bf6 Nxf6 16. exf6 Bh8 17. Bc2 Qd8 18. Rfd1 Bxf6 19. Nxf6+ Qxf6 20. a3 Rad8
21. Rd3 Nxd4 22. Nxd4 Rxd4 23. Rxd4 Qxd4 24. Bb3 c5 25. Rd1 Qf6 26. Rd7 Bc6 27. Rc7 Ba8 28. Rxc5 Qe7 29. Rc3 Qg5 30. Rg3 Qf6
31. Qd2 g5 32. Rd3 Be4 33. Rd6 Rc8 34. h3 Qf5 35. Rxa6 g4 36. hxg4 Qxg4 37. f3 Bxf3 38. Rb6 Rc1+ 39. Kf2 Qxg2+ 40. Ke3 Qg5+
41. Kd4 Qxd2+
0-1

[Event "Fast February Frolic"]
[Site "SchemingMind.com"]
[Date "2007.02.20"]
[Round "-"]
[White "kobby"]
[Black "marble"]
[Result "1-0"]
[WhiteCountry "ENG"]
[BlackCountry "ENG"]
[WhiteElo "1547"]
[WhiteRD "72"]
[BlackElo "1564"]
[BlackRD "59"]
[GameID "93083"]

1. e3 e5 2. d4 exd4 3. Qxd4 Nc6 4. Qd1 Nf6 5. Nf3 d5 6. a3 a6 7. Nc3 Bg4 8. Be2 Qd6 9. h3 Bh5 10. b4 O-O-O
11. Na4 Ne4 12. Bb2 f6 13. Nh4 Bxe2 14. Qxe2 g5 15. Nf5 Qe6 16. Qg4 Kb8 17. Rd1 Ne7 18. Nxe7 Qxg4 19. hxg4 Bxe7 20. Rh3 Rd6
21. f3 b5 22. fxe4 bxa4 23. e5 fxe5 24. Bxe5 Rd7 25. Bxh8 Rd8 26. Rxh7 Re8 27. Bd4 Bd6 28. Ke2 Kb7 29. Rg7 Be7 30. Be5 Bd8
31. Rxd5 Kb6 32. Bd4+ Kb7 33. Ra5 Re4 34. Kf3 Re6 35. Rxa4 Ka8 36. b5 Kb8 37. bxa6 Bf6 38. Rg8+
1-0

[Event "Fast February Frolic"]
[Site "SchemingMind.com"]
[Date "2007.02.20"]
[Round "-"]
[White "ekulrac"]
[Black "marble"]
[Result "1-0"]
[WhiteCountry "SCO"]
[BlackCountry "ENG"]
[WhiteElo "1711"]
[WhiteRD "50"]
[BlackElo "1564"]
[BlackRD "59"]
[GameID "93084"]

1. e4 e5 2. Nf3 Nc6 3. Bb5 a6 4. Bxc6 dxc6 5. O-O Bg4 6. h3 Bxf3 7. Qxf3 Nf6 8. Qe2 b5 9. d3 h6 10. Nc3 Bb4
11. Bd2 O-O 12. f4 Bc5+ 13. Kh1 exf4 14. Bxf4 Ba7 15. Qf3 c5 16. e5 Nh7 17. Ne4 c4 18. Qg3 Qe7 19. Bxh6 g6 20. Bxf8 Nxf8
21. Rf6 Bd4 22. Rf5 Bxb2 23. Raf1 Nh7 24. Nf6+ Nxf6 25. exf6 Qd7 26. Qg5 Re8 27. Qh6 Bxf6 28. Rxf6 cxd3 29. cxd3 Qxd3 30. Rxf7 Qd4
31. Qh7#
1-0

[Event "Fast February Frolic"]
[Site "SchemingMind.com"]
[Date "2007.02.19"]
[Round "-"]
[White "pinkfloydhomer"]
[Black "marble"]
[Result "1-0"]
[WhiteCountry "DEN"]
[BlackCountry "ENG"]
[WhiteElo "1908"]
[WhiteRD "137"]
[BlackElo "1601"]
[BlackRD "61"]
[GameID "93085"]

1. e4 e5 2. d4 exd4 3. Nf3 Nc6 4. Bc4 Bb4+ 5. c3 dxc3 6. O-O cxb2 7. Bxb2 f6 8. e5 fxe5 9. Nxe5 Nxe5 10. Bxe5 Nf6
11. Nc3 d6 12. Bxf6 Qxf6 13. Qa4+ Bd7 14. Rfe1+ Kd8 15. Qxb4 c5 16. Qxb7 Rc8 17. Nd5 Qd4 18. Bb5 Bxb5 19. Qe7#
1-0

[Event "Fast February Frolic"]
[Site "SchemingMind.com"]
[Date "2007.02.20"]
[Round "-"]
[White "megapixel"]
[Black "marble"]
[Result "1-0"]
[WhiteCountry "ENG"]
[BlackCountry "ENG"]
[WhiteElo "1753"]
[WhiteRD "99"]
[BlackElo "1564"]
[BlackRD "59"]
[GameID "93086"]

1. e4 e5 2. Nf3 Nc6 3. d4 exd4 4. Bc4 d6 5. Nxd4 Nxd4 6. Qxd4 c5 7. Qd3 Be7 8. Nc3 Nf6 9. O-O O-O 10. Nd5 Nxd5
11. Bxd5 Rb8 12. b3 Bf6 13. Rb1 Bd7 14. c4 b5 15. Bb2 Bxb2 16. Rxb2 a6 17. Rd2 Qf6 18. f4 Rfe8 19. e5 Qh6 20. exd6 Kh8
21. Bxf7 Rf8 22. Qd5 Qf6 23. Bh5 Be6 24. Qxc5 Rbc8 25. Qd4 bxc4 26. Qxf6 Rxf6 27. bxc4 Bxc4 28. d7 Rd8 29. Re1 Be6 30. Bg4 Bf7
31. Rde2 Rxd7 32. Bxd7 h5 33. g3 h4 34. Be6 Bh5 35. g4 Bg6 36. f5 Be8 37. g5 Rf8 38. g6 Bb5 39. Re4 Bc6 40. Rxh4#
1-0